000 00712nam a2200265Ia 4500
005 20260302115549.0
008 008 260114s9999 xx 000 0 eng d
020 _a9781350493087
037 _aTextbook
040 _aCRL
040 _beng
040 _cCRL
041 _2eng
041 _aeng
084 _qCRL
100 _aJill Dolan
_91122006
245 4 _aThe Feminist Spectator in Action Feminist Criticism for the Stage and Screen
260 _bBloomsbury
260 _bMethuen Drama
260 _c2017
650 _aLiterary Studies
856 _uhttps://doi.org/10.1007/978-1-137-03291-1?locatt=label:secondary_bloomsburyCollections
942 _cEBOOK
999 _c1686667
_d1686667